A handbook of formulae, tables and memoranda for architectural surveyors, draughtsman and others engaged in building (Record no. 86417)
[ view plain ]
| 000 -LEADER | |
|---|---|
| fixed length control field | 00500cam a2200181 4500 |
| 001 - CONTROL NUMBER | |
| control field | D13042 |
| 008 - FIXED-LENGTH DATA ELEMENTS--GENERAL INFORMATION | |
| fixed length control field | 090401t1933 xxu||||| |||| 00| 0 eng d |
| 035 ## - SYSTEM CONTROL NUMBER | |
| System control number | (Sirsi) u7441 |
| 041 ## - LANGUAGE CODE | |
| Language code of text/sound track or separate title | eng |
| 100 ## - MAIN ENTRY--PERSONAL NAME | |
| Personal name | Hurst, John Thomas |
| 245 #2 - TITLE STATEMENT | |
| Title | A handbook of formulae, tables and memoranda for architectural surveyors, draughtsman and others engaged in building |
| 250 ## - EDITION STATEMENT | |
| Edition statement | 17th |
| 260 ## - PUBLICATION, DISTRIBUTION, ETC. | |
| Place of publication, distribution, etc. | London |
| Name of publisher, distributor, etc. | E and F N Spon |
| Date of publication, distribution, etc. | 1933 |
| 350 ## - PRICE (NR) (BK AM CF MU VM SE) [OBSOLETE] | |
| Price | 0 |
| 520 ## - SUMMARY, ETC. | |
| Summary, etc. | Shelf 117 |
| 942 ## - ADDED ENTRY ELEMENTS (KOHA) | |
| Suppress in OPAC | 0 |
| 948 ## - LOCAL PROCESSING INFORMATION (OCLC); SERIES PART DESIGNATOR (RLIN) | |
| c (OCLC) | 04/03/1997 |
| Withdrawn status | Lost status | Source of classification or shelving scheme | Damaged status | Not for loan | Home library | Current library | Shelving location | Date acquired | Total Checkouts | Full call number | Barcode | Date last seen | Copy number | Price effective from | Koha item type |
|---|---|---|---|---|---|---|---|---|---|---|---|---|---|---|---|
| Dewey Decimal Classification | London | London | Basement | 14/09/1999 | SHELF 117 | 30014964 | 06/08/2019 | 1 | 06/08/2019 | Reference material | |||||
| Dewey Decimal Classification | London | London | Basement | 14/01/2013 | SHELF 117 | 30078071 | 06/08/2019 | 2 | 06/08/2019 | Book |